KOHA-Header-6

Network Security private communication in a Public world (Record no. 12762)

000 -LEADER
fixed length control field 00411nam a2200157Ia 4500
003 - CONTROL NUMBER IDENTIFIER
control field MAJU-Karachi
005 - DATE AND TIME OF LATEST TRANSACTION
control field 20201202162653.0
008 - FIXED-LENGTH DATA ELEMENTS--GENERAL INFORMATION
fixed length control field 190802s9999 xx 000 0 und d
020 ## - INTERNATIONAL STANDARD BOOK NUMBER
International Standard Book Number 978-93-325-7821-0
040 ## - CATALOGING SOURCE
Transcribing agency LDC
100 ## - MAIN ENTRY--PERSONAL NAME
Personal name Charlie Kaufman
245 #0 - TITLE STATEMENT
Title Network Security private communication in a Public world
260 ## - PUBLICATION, DISTRIBUTION, ETC. (IMPRINT)
Place of publication, distribution, etc New Delhi
Name of publisher, distributor, etc Apress
Date of publication, distribution, etc 2018
300 ## - PHYSICAL DESCRIPTION
Extent 638:p
942 ## - ADDED ENTRY ELEMENTS (KOHA)
Koha item type Books
Source of classification or shelving scheme
Holdings
Withdrawn status Lost status Source of classification or shelving scheme Damaged status Not for loan Collection code Permanent Location Current Location Shelving location Date acquired Barcode Date last seen Price effective from Koha item type
          Computer Networking MAJU MAJU Shelf No.A33 2020-12-02 9851 2020-12-02 2020-12-02 Computer Networking

Powered by Koha